000 00412pab a2200157 454500
008 180718b2017 xxu||||| |||| 00| 0 eng d
100 _aA. Raghu Kumar
245 _aAnthony's J. Parel's contribution towards understanding Mahatma Gandhi
260 _c2017
300 _ap.13-17.
362 _a14 Oct
650 _aParel, Anthony J.
650 _aGandhi, Mahatma
773 _aMainstream
909 _a116430
999 _c116424
_d116424